00370 a2200157 4500003000400000005001700004008004100021020001800062040000900080082002000089100001900109245002900128250001200157260003300169300001000202OSt20231214104150.0231213b |||||||| |||| 00| 0 eng d a9789353907068 coclc a894.8128bROY/A aRoy, Arundhati aAzaadi /cArundhathi Roy a7th ed. aKottayam:bD C Books,c2023. a228p.